000 01064nam a22003251 4500
001 29398
003 BD-RjUL
005 20211209051417.0
008 140403r19521940nyua h b 001 0 eng
035 _a(BD-RjUL)29483
035 _a(OCoLC)322157
040 _aDLC
_cOCH
_dOCoLC
_dDLC
_dBD-RjUL
_beng
041 1 _aeng
_hger
082 _a153.72
_bJUI 1952
100 1 _aJung, C. G.
_q(Carl Gustav),
_d1875-1961.
_95179
245 1 4 _aThe integration of the personality /
_cCarl G. Jung, M.D.; translated by Stanley M. Dell.
260 _aNew York ;
_aToronto :
_bFarrar & Rinehart, inc.,
_c1940 [Reprinted 1952].
300 _a3-313 p. :
_bill.,
_c24 cm.
504 _aIncludes index.
650 0 _aIndividuality.
_93826
650 0 _aPsychoanalysis.
_989647
650 0 _aSubconsciousness.
_988881
650 0 _aDreams.
_989648
650 0 _aAlchemy
_xHistory.
_989649
700 1 _aDell, Stanley M.,
_etr.
_989650
710 2 _aRouben Mamoulian Collection (Library of Congress)
_5DLC
_950483
942 _2ddc
_cBK
999 _c29398
_d29398